000 00475nam a2200181Ia 4500
008 090124s9999 xx 000 0 und d
082 _b33660
100 _aANDERSEN HANS CHRISTIAN
245 _aSTORIES FROM ANDERSEN
250 _a0
260 _b"BLOOMSBURY BOOKS, LONDON"
_c1993
300 _a160
600 _aANDERSEN HANS CHRISTIAN
630 _aSTORIES FROM ANDERSEN
700 _aANDERSEN HANS CHRISTIAN
730 _aSTORIES FROM ANDERSEN
942 _cBOOK
999 _c99580
_d99580